Vista normal Vista MARC

Entrada Topical Term

Número de registros utilizados en: 1

001 - CONTROL NUMBER

  • control field: 61593

003 - CONTROL NUMBER IDENTIFIER

  • control field: OSt

005 - DATE AND TIME OF LATEST TRANSACTION

  • control field: 20250730153657.0

008 - FIXED-LENGTH DATA ELEMENTS

  • fixed length control field: 250730|| aca||aabn | a|a d

040 ## - CATALOGING SOURCE

  • Original cataloging agency: OSt
  • Transcribing agency: OSt

150 ## - HEADING--TOPICAL TERM

  • Topical term or geographic name entry element: Indigenas de América del sur
  • General subdivision: mitología
  • Geographic subdivision: Colombia

670 ## - SOURCE DATA FOUND

  • Source citation: Work cat.: (OSt)57778: Triana Nova, Betty María aut 61592, Raíces, mitos, relatos y leyendas /









Instituto Departamental de Cultura del Meta - Red Departamental de Bibliotecas Públicas del Meta.